000 00754nam a22002057a 4500
999 _c3076
_d3076
003 AR-CdUCM
008 190305b ||||| |||| 00| 0 spa d
040 _aMUNICIPALIDAD PROVINCIAL DEL CUSCO
_cBIBLIOTECA MUNICIPAL DEL CUSCO
082 _a839.974 /
_bH19
100 _aHamsun, Knut
_910427
245 _aSoñadores /
260 _aMadrid :
_bEditor Jason,
_c1921.
300 _a159 paginas ;
_c19 cm.
505 _aContenido :Bajo las estrellas de otoño --. Un vagabundo toca con sordina -- La última alegría -- Misterios -- El redactor Lynge -- Tierra nueva -- En el país de los cuentos ...
650 _aNovelas Noruegas
_910428
650 _aDramatizacion
_910429
650 _aNovelas latinas
_910430
942 _2ddc
_cLIBROS
945 _arum